=LDR 00000nam 2200000 4500 =001 INLIS000000000041430 =005 20130612150951 =008 ***********************************ind** =035 ##$$0010-061300000041430 =041 ##$$a ind =082 ##$$a r413 =100 ##$$a hidayat, syamsul =245 ##$$a buku pintar bahasa indonesia:utk sd kls IV,V dan VI =260 ##$$a SIC $b surabaya =300 ##$$a 178 hlm =850 ##$$a NBPNMAT